000 00183 a2200097 4500
020 _a9780545561709
041 _aeng
100 _aLast, First
245 _aThe fiesta dress
942 _cBK
999 _c9891
_d9891